Finales del mundial de futbol - Estadísticas

Estadísticas generales
  • Esta prueba ha sido intentada 287 veces
  • La puntuación promedio es 16 de 22
Estadísticas de respuestas
Año Equipos Finalistas Resultado % Correcto
2022 Argentina-Francia 3-3
96%
2018 Francia-Croacia 4-2
92%
1990 Alemania-Argentina 1-0
91%
2014 Alemania-Argentina 1-0
91%
2010 Holanda-España 0-1
86%
2006 Italia-Francia 1-1
86%
1970 Brasil-Italia 5-2
83%
1994 Brasil-Italia 0-0
83%
2002 Alemania-Brasil 0-2
80%
1998 Francia-Brasil 3-0
76%
1930 Uruguay-Argentina 4-2
73%
1986 Argentina-Alemania 3-2
72%
1950 Brasil-Uruguay 1-2
70%
1982 Italia-Alemania 3-1
68%
1978 Argentina-Holanda 3-1
63%
1958 Brasil-Suecia 5-2
61%
1966 Inglaterra-Alemania 4-2
61%
1974 Alemania-Holanda 2-1
53%
1938 Italia-Hungria 4-2
47%
1954 Alemania-Hungria 3-2
46%
1934 Italia-Checoslovaquia 2-1
45%
1962 Brasil-Checoslovaquia 3-1
41%
No se encontraron pruebas coincidentes
Distribución de puntuación
Porcentaje de gente con cada puntuación
Porcentaje por número respondido
Historial de tus puntuaciones
No has intentado esta prueba.